[Event "DEM U10/U10w 2014"]
[Site "Magdeburg GER"]
[Date "2014.06.13"]
[Round "9"]
[White "Bossert, Moritz"]
[Black "Schönweiler, Elisabeth"]
[Result "1/2-1/2"]
[Termination "normal"]
[Board "38"]
[WhiteElo "953"]
[BlackElo "1217"]
[PlyCount "43"]
[WhiteFideId "16239946"]
[BlackFideId "12997005"]
[EventCountry "GER"]
[EventRounds "11"]
[EventType "swiss"]
[EventDate "2014.06.07"]

1. d4 d5 2. c4 c6 3. e3 Nf6 4. Nc3 e6 5. Nf3 Bd6 6. c5 Bc7 7. Bd3 O-O 8. O-O
Nbd7 9. b4 e5 10. Nxe5 Nxe5 11. dxe5 Bxe5 12. Bb2 Re8 13. Qc2 b6 14. cxb6 axb6
15. Rfe1 Qc7 16. f4 Bd6 17. a3 Bd7 18. Na2 Ne4 19. Bxe4 dxe4 20. Qc3 f6 21.
Qc4+ Kh8 22. Nc3 1/2-1/2

[Event "DEM U10/U10w 2014"]
[Site "Magdeburg GER"]
[Date "2014.06.13"]
[Round "9"]
[White "Glinzner, Alva"]
[Black "Marzisch, Darius"]
[Result "0-1"]
[Termination "normal"]
[Board "39"]
[WhiteElo "1194"]
[BlackElo "1067"]
[PlyCount "48"]
[WhiteFideId "16206169"]
[BlackFideId "12997480"]
[EventCountry "GER"]
[EventRounds "11"]
[EventType "swiss"]
[EventDate "2014.06.07"]

1. e4 e5 2. Nf3 Nc6 3. d4 exd4 4. Nxd4 Nf6 5. Nc3 Bb4 6. Bg5 O-O 7. Nxc6 bxc6
8. e5 Re8 9. f4 Bxc3+ 10. bxc3 d6 11. Qd4 h6 12. Bh4 g5 13. Bg3 Nh5 14. Be2
gxf4 15. Bxf4 Nxf4 16. Qxf4 Rxe5 17. Rd1 Qe7 18. Rd2 Ba6 19. Qg4+ Kh7 20. c4
Re8 21. Kf2 Qf6+ 22. Bf3 Bc8 23. Qg3 Rg5 24. Qh4 Rxg2+ 0-1

[Event "DEM U10/U10w 2014"]
[Site "Magdeburg GER"]
[Date "2014.06.13"]
[Round "9"]
[White "Paulsen, Niels-Martin"]
[Black "Stockmann, Till"]
[Result "1-0"]
[Termination "normal"]
[Board "40"]
[WhiteElo "1043"]
[BlackElo "1162"]
[PlyCount "47"]
[WhiteFideId "16214994"]
[BlackFideId "12979341"]
[EventCountry "GER"]
[EventRounds "11"]
[EventType "swiss"]
[EventDate "2014.06.07"]

1. d4 d5 2. Nf3 Nf6 3. e3 e6 4. b3 Be7 5. Nbd2 O-O 6. Bb2 Nbd7 7. Bd3 b6 8. O-O
c5 9. c4 Bb7 10. Qc2 Re8 11. Ne5 Rc8 12. Rac1 Qc7 13. Rfe1 Bd6 14. Ndf3 Ne4 15.
Kh1 Rf8 16. Nxd7 Qxd7 17. Nd2 Nxf2+ 18. Kg1 Nxd3 19. Qxd3 Qe7 20. Nf3 dxc4 21.
Rxc4 Ba6 22. Qc3 Bxc4 23. dxc5 Bxc5 24. Qxg7# 1-0

[Event "DEM U10/U10w 2014"]
[Site "Magdeburg GER"]
[Date "2014.06.13"]
[Round "9"]
[White "Ewerhardy, Moritz"]
[Black "Hartmann, Katrin"]
[Result "1-0"]
[Termination "normal"]
[Board "42"]
[WhiteElo "1190"]
[BlackElo "1014"]
[PlyCount "51"]
[WhiteFideId "36052086"]
[BlackFideId "16200632"]
[EventCountry "GER"]
[EventRounds "11"]
[EventType "swiss"]
[EventDate "2014.06.07"]

1. e4 e5 2. Nf3 Nc6 3. Bc4 Bc5 4. b4 Bxb4 5. c3 Ba5 6. d4 exd4 7. O-O dxc3 8.
Qb3 Qe7 9. Nxc3 Nf6 10. Ba3 d6 11. e5 Ng4 12. Rae1 O-O 13. exd6 Qf6 14. Ne4 Qd8
15. Rd1 cxd6 16. Nxd6 Bc7 17. Nxf7 Qf6 18. Bxf8 Kxf8 19. N7g5 Qh6 20. h3 Nge5
21. Bg8 Qf6 22. Nxh7+ Ke8 23. Nxf6+ gxf6 24. Rfe1 Bd7 25. Qf7+ Kd8 26. Qf8# 1-0

[Event "DEM U10/U10w 2014"]
[Site "Magdeburg GER"]
[Date "2014.06.13"]
[Round "9"]
[White "Neumann, Konstantina"]
[Black "Sulzbacher, Marijana"]
[Result "1-0"]
[Termination "normal"]
[Board "43"]
[WhiteElo "1183"]
[BlackElo "1016"]
[PlyCount "97"]
[WhiteFideId "16200543"]
[BlackFideId "34658181"]
[EventCountry "GER"]
[EventRounds "11"]
[EventType "swiss"]
[EventDate "2014.06.07"]

1. e4 e5 2. Nf3 Nf6 3. Nxe5 d6 4. Nf3 Nxe4 5. Be2 d5 6. O-O Bf5 7. Re1 Bc5 8.
d4 Bd6 9. Bd3 O-O 10. Nbd2 Re8 11. c4 c6 12. Re2 Bb4 13. Qb3 Bxd2 14. Nxd2 Qd7
15. cxd5 cxd5 16. f3 Nxd2 17. Qxd5 Rxe2 18. Qxd7 Bxd7 19. Bxe2 Nc6 20. Bxd2
Nxd4 21. Bd3 Bf5 22. Bxf5 Nxf5 23. Rc1 Nd6 24. Rc7 Rc8 25. Rxc8+ Nxc8 26. Kf2
a6 27. Ke3 Nd6 28. Kd4 Kf8 29. Bb4 Ke7 30. Kd5 Kd7 31. Bxd6 Kc8 32. Kc5 f5 33.
Kb6 g5 34. g4 fxg4 35. fxg4 Kd7 36. Bg3 Kc8 37. Be5 Kd7 38. Kxb7 a5 39. Kb6 Ke6
40. Bg3 a4 41. Kb5 Kf6 42. Kxa4 h6 43. Kb4 Kg6 44. Kc4 h5 45. gxh5+ Kxh5 46.
Kd4 g4 47. Ke4 Kg6 48. Kf4 Kh5 49. b4 1-0

[Event "DEM U10/U10w 2014"]
[Site "Magdeburg GER"]
[Date "2014.06.13"]
[Round "9"]
[White "Oyunbat, Oyunchimeg"]
[Black "Basovskiy, Jana"]
[Result "0-1"]
[Termination "normal"]
[Board "44"]
[WhiteElo "1043"]
[BlackElo "1157"]
[PlyCount "86"]
[BlackFideId "16208617"]
[EventCountry "GER"]
[EventRounds "11"]
[EventType "swiss"]
[EventDate "2014.06.07"]

1. e4 e5 2. Nf3 d6 3. d4 Nd7 4. Bc4 c6 5. dxe5 dxe5 6. Ng5 Nh6 7. Nf3 Ng8 8.
Nc3 Be7 9. Be3 Ngf6 10. Qe2 O-O 11. O-O Qc7 12. Rfd1 a5 13. a4 Nc5 14. h3 Ncxe4
15. Nxe4 Nxe4 16. Bd3 Bf5 17. Nd2 Nxf2 18. Qxf2 Bxd3 19. cxd3 Qd7 20. Nf3 Bf6
21. Qg3 Rfe8 22. Ng5 Bxg5 23. Bxg5 f6 24. Bxf6 Qd4+ 25. Qf2 Qxf2+ 26. Kxf2 gxf6
27. Re1 Rad8 28. Re3 Rd4 29. Rg3+ Kf7 30. Rf3 Red8 31. Ke2 Rb4 32. Ra2 Rdd4 33.
g4 Rxa4 34. Rxa4 Rxa4 35. g5 Rf4 36. Rg3 Rb4 37. Kd2 Rxb2+ 38. Kc3 Rb4 39. Rf3
Rf4 40. Rg3 a4 41. gxf6 Kxf6 42. Rg8 b5 43. Rf8+ Kg5 0-1

[Event "DEM U10/U10w 2014"]
[Site "Magdeburg GER"]
[Date "2014.06.13"]
[Round "9"]
[White "Wiemann, Vanessa"]
[Black "Kind, Swantje"]
[Result "1-0"]
[Termination "normal"]
[Board "46"]
[WhiteElo "1034"]
[BlackElo "938"]
[PlyCount "83"]
[WhiteFideId "12942987"]
[EventCountry "GER"]
[EventRounds "11"]
[EventType "swiss"]
[EventDate "2014.06.07"]

1. e4 e5 2. Nf3 Nc6 3. Bc4 Nf6 4. Ng5 d5 5. exd5 b5 6. Bb3 Nd4 7. c3 Nxb3 8.
axb3 Qxd5 9. Qf3 Qxf3 10. Nxf3 Bd6 11. O-O Ba6 12. Rxa6 Ng4 13. h3 Nf6 14. Re1
O-O 15. Nxe5 Rfe8 16. d4 Nd7 17. Nf3 Rxe1+ 18. Nxe1 Re8 19. Nf3 Ra8 20. Be3 Nf6
21. c4 bxc4 22. bxc4 Ne4 23. Nbd2 Nxd2 24. Nxd2 Rb8 25. Rxa7 Rxb2 26. Ra8+ Bf8
27. Nf3 h6 28. Bf4 Rb1+ 29. Kh2 Rb7 30. c5 c6 31. Bd6 f6 32. Rxf8+ Kh7 33. d5
cxd5 34. c6 Rb6 35. c7 Rc6 36. c8=Q Rxc8 37. Rxc8 d4 38. Nxd4 f5 39. Nxf5 g6
40. Rc7+ Kh8 41. Nxh6 g5 42. Be5# 1-0

[Event "DEM U10/U10w 2014"]
[Site "Magdeburg GER"]
[Date "2014.06.13"]
[Round "9"]
[White "Heutling, Elina"]
[Black "Kiesel, Lara"]
[Result "0-1"]
[Termination "normal"]
[Board "47"]
[WhiteElo "962"]
[BlackElo "893"]
[PlyCount "88"]
[WhiteFideId "16244729"]
[BlackFideId "12973785"]
[EventCountry "GER"]
[EventRounds "11"]
[EventType "swiss"]
[EventDate "2014.06.07"]

1. e4 e6 2. d4 d5 3. exd5 exd5 4. Bd3 Bd6 5. Nf3 Nf6 6. O-O O-O 7. Nbd2 Bg4 8.
h3 Bh5 9. Re1 Nc6 10. c3 Qd7 11. Nf1 h6 12. Ng3 Bg6 13. Bxg6 fxg6 14. Qd3 Kh7
15. Nh4 Qf7 16. Ngf5 gxf5 17. Qxf5+ Kg8 18. Bf4 Bxf4 19. Qxf4 Nh5 20. Qxf7+
Rxf7 21. Re2 Re7 22. Rd2 Rae8 23. Rdd1 a6 24. Ng6 Re6 25. Nh4 Na7 26. g4 Nf4
27. Kh2 Re2 28. Kg3 g5 29. Ng2 Nxg2 30. Kxg2 Rxb2 31. Rab1 Rxa2 32. Rxb7 Nb5
33. c4 dxc4 34. d5 c3 35. Rc1 Ree2 36. Rb8+ Kf7 37. Kf3 Rec2 38. Rxc2 Rxc2 39.
Ke4 Rd2 40. f4 c2 41. f5 c1=Q 42. Ke3 Qe1+ 43. Kf3 Rf2+ 44. Kg3 Qg1# 0-1

[Event "DEM U10/U10w 2014"]
[Site "Magdeburg GER"]
[Date "2014.06.13"]
[Round "10"]
[White "Keymer, Vincent"]
[Black "Svane, Frederik"]
[Result "1-0"]
[Termination "normal"]
[Board "1"]
[WhiteElo "2036"]
[BlackElo "1801"]
[WhiteClock "00:16:35"]
[BlackClock "00:43:01"]
[PlyCount "101"]
[WhiteFideId "12940690"]
[BlackFideId "12923044"]
[EventCountry "GER"]
[EventRounds "11"]
[EventType "swiss"]
[EventDate "2014.06.07"]

1. d4 Nf6 2. c4 e6 3. Nf3 Bb4+ 4. Nbd2 b6 5. e3 Bb7 6. a3 Bxd2+ 7. Qxd2 O-O 8.
b4 c5 9. Be2 cxd4 10. exd4 d5 11. c5 Nbd7 12. Bb2 Qc7 13. O-O bxc5 14. bxc5
Rac8 15. Rfc1 Ne4 16. Qc2 Bc6 17. Rab1 Rb8 18. Bd3 Qf4 19. Bc3 Ba4 20. Qa2 Rxb1
21. Qxb1 Rb8 22. Qa1 Nxc3 23. Rxc3 g5 24. h3 Bc6 25. g3 Qf6 26. Qc1 h6 27. Qe3
Kg7 28. Bc2 Re8 29. Ne5 Nxe5 30. dxe5 Qe7 31. Qd4 f6 32. Rf3 f5 33. Rb3 Qc7 34.
g4 f4 35. h4 Qa5 36. Rc3 Bb5 37. Kg2 Rf8 38. f3 Bc4 39. h5 Rc8 40. Rxc4 Qe1 41.
Rc3 Qe2+ 42. Qf2 Qxe5 43. Rd3 Kf7 44. Ba4 Rxc5 45. Qxc5 Qe2+ 46. Qf2 Qxd3 47.
Qxa7+ Kf6 48. Qc5 Qd2+ 49. Qf2 Qc3 50. Qc2 Qxa3 51. Qg6+ 1-0

[Event "DEM U10/U10w 2014"]
[Site "Magdeburg GER"]
[Date "2014.06.13"]
[Round "10"]
[White "Li, Simon"]
[Black "Nguyen, Alex Dac-Vuong"]
[Result "1-0"]
[Termination "normal"]
[Board "2"]
[WhiteElo "1814"]
[BlackElo "1812"]
[WhiteClock "01:09:43"]
[BlackClock "00:43:53"]
[PlyCount "49"]
[WhiteFideId "12972134"]
[BlackFideId "12984388"]
[EventCountry "GER"]
[EventRounds "11"]
[EventType "swiss"]
[EventDate "2014.06.07"]

1. e4 e6 2. d4 d5 3. Nc3 Nf6 4. e5 Nfd7 5. Nce2 c5 6. c3 Nc6 7. f4 Qb6 8. Nf3
Be7 9. a3 f6 10. b4 cxd4 11. cxd4 O-O 12. h4 a5 13. b5 Qxb5 14. Nc3 Qb6 15. Rb1
Qd8 16. Bd3 fxe5 17. dxe5 Nc5 18. Bxh7+ Kxh7 19. Ng5+ Kg8 20. Qh5 Bxg5 21. hxg5
Nd3+ 22. Ke2 Nxc1+ 23. Rbxc1 Qb6 24. g6 Nd4+ 25. Kd1 1-0

[Event "DEM U10/U10w 2014"]
[Site "Magdeburg GER"]
[Date "2014.06.13"]
[Round "10"]
[White "Brunner, Sophia"]
[Black "Trifan, Andrei Ioan"]
[Result "0-1"]
[Termination "normal"]
[Board "3"]
[WhiteElo "1339"]
[BlackElo "1689"]
[WhiteClock "00:01:23"]
[BlackClock "00:42:03"]
[PlyCount "118"]
[WhiteFideId "12960683"]
[BlackFideId "12967068"]
[EventCountry "GER"]
[EventRounds "11"]
[EventType "swiss"]
[EventDate "2014.06.07"]

1. e4 e5 2. Bc4 Nf6 3. d3 Bc5 4. Nc3 d6 5. Bg5 h6 6. Bxf6 Qxf6 7. Nf3 Be6 8.
Qe2 a6 9. O-O-O Nc6 10. Nd5 Qd8 11. Ne3 Qd7 12. Nd2 O-O-O 13. Kb1 Nd4 14. Qf1
Rhf8 15. f3 f5 16. Bxe6 Qxe6 17. c3 f4 18. cxd4 fxe3 19. dxc5 exd2 20. cxd6
Rxd6 21. Rxd2 Rfd8 22. Qe2 Qd7 23. Rhd1 Rd4 24. Qe3 Qf7 25. Rf2 R8d6 26. Rc2
Rb6 27. Qd2 Ra4 28. Rc4 Rxc4 29. dxc4 Rd6 30. Qc2 Rxd1+ 31. Qxd1 Qxc4 32. a3
Kb8 33. Qd8+ Ka7 34. Qd1 Qc5 35. Ka2 Qc4+ 36. Kb1 Kb6 37. Ka1 g5 38. Kb1 g4 39.
Ka1 Kc6 40. Kb1 h5 41. Ka1 h4 42. Kb1 b5 43. Ka1 a5 44. Kb1 b4 45. axb4 axb4
46. fxg4 Qxe4+ 47. Qc2+ Kd5 48. Qxe4+ Kxe4 49. Kc2 Kf4 50. h3 c5 51. Kd3 e4+
52. Ke2 c4 53. Kd2 e3+ 54. Kc2 b3+ 55. Kd1 c3 56. bxc3 b2 57. Kc2 e2 58. Kxb2
e1=Q 59. c4 Qb4+ 0-1

[Event "DEM U10/U10w 2014"]
[Site "Magdeburg GER"]
[Date "2014.06.13"]
[Round "10"]
[White "Dobrikov, Marco"]
[Black "Kirchner, Markus"]
[Result "0-1"]
[Termination "normal"]
[Board "4"]
[WhiteElo "1695"]
[BlackElo "1409"]
[WhiteClock "00:46:29"]
[BlackClock "00:38:20"]
[PlyCount "115"]
[WhiteFideId "12950378"]
[BlackFideId "12979163"]
[EventCountry "GER"]
[EventRounds "11"]
[EventType "swiss"]
[EventDate "2014.06.07"]

1. e4 e6 2. d4 d5 3. e5 c5 4. c3 Qb6 5. Nf3 Bd7 6. a3 a5 7. Bd3 Bb5 8. O-O Bxd3
9. Qxd3 Nc6 10. Rd1 Nh6 11. Qc2 Nf5 12. g4 Nfe7 13. Be3 Ng6 14. Nbd2 Be7 15.
Nb3 cxd4 16. cxd4 O-O 17. Rac1 a4 18. Nbd2 f6 19. exf6 Bxf6 20. Nb1 Be7 21. Qe2
Na5 22. Nc3 Nc4 23. Rc2 Qb3 24. Kg2 Bd6 25. Rd3 Rxf3 26. Ne4 Nh4+ 27. Kg1 Qb6
28. Nxd6 Qxd6 29. Bg5 Rxd3 30. Qxd3 Ng6 31. Qe2 Re8 32. Rc3 Qb6 33. Qc2 Qa7 34.
f3 Qxd4+ 35. Kg2 Nf4+ 36. Kg3 Qg1+ 37. Kh4 Ng6+ 38. Kh3 Rf8 39. Qxa4 Qf2 40.
Qb3 Qxb2 41. Qxb2 Nxb2 42. Rb3 Nc4 43. Kg3 b6 44. h4 h6 45. Bc1 e5 46. Rb5 Nf4
47. Bxf4 exf4+ 48. Kf2 Nxa3 49. Rxd5 b5 50. Rd3 b4 51. Rb3 Rb8 52. Ke2 Nc4 53.
Kd3 Na5 54. Rb2 b3 55. Ke4 Nc4 56. Rxb3 Rxb3 57. Kxf4 Nd2 58. Ke5 0-1

[Event "DEM U10/U10w 2014"]
[Site "Magdeburg GER"]
[Date "2014.06.13"]
[Round "10"]
[White "Asadzade, Idris"]
[Black "Krastev, Alexander"]
[Result "0-1"]
[Termination "normal"]
[Board "5"]
[WhiteElo "1448"]
[BlackElo "1599"]
[WhiteClock "00:36:31"]
[BlackClock "00:39:33"]
[PlyCount "114"]
[WhiteFideId "12997285"]
[BlackFideId "12989983"]
[EventCountry "GER"]
[EventRounds "11"]
[EventType "swiss"]
[EventDate "2014.06.07"]

1. d4 Nf6 2. Bg5 e6 3. g3 h6 4. Bd2 c5 5. c3 Qb6 6. Qb3 Qxb3 7. axb3 cxd4 8.
cxd4 Nc6 9. Nf3 Ne4 10. Be3 Nb4 11. Na3 Nd5 12. Bc1 d6 13. Bg2 Bd7 14. Nd2 Nef6
15. e4 Nb4 16. O-O Be7 17. Re1 O-O 18. e5 dxe5 19. dxe5 Nfd5 20. Ndc4 Nd3 21.
Rd1 Nxc1 22. Raxc1 Bc6 23. Na5 Rac8 24. Nxc6 Rxc6 25. Rxc6 bxc6 26. Rc1 Rb8 27.
Bxd5 cxd5 28. Rc3 f6 29. f4 Rb7 30. Kf2 Kf7 31. Kf3 h5 32. g4 hxg4+ 33. Kxg4
Rb4 34. Nc2 Re4 35. Re3 Rxe3 36. Nxe3 Bc5 37. Nc2 Bg1 38. h4 fxe5 39. fxe5 Bh2
40. Nd4 Bxe5 41. Nc6 Bxb2 42. Nxa7 e5 43. Nc6 Ke6 44. Nb4 e4 45. Kf4 Bc1+ 46.
Kg3 d4 47. Kf2 Kf5 48. Nc2 Kf4 49. b4 d3 50. Na1 e3+ 51. Ke1 Bd2+ 52. Kd1 Bxb4
53. h5 e2+ 54. Kc1 e1=Q+ 55. Kb2 Qc3+ 56. Ka2 Ba3 57. Nc2 Qb2# 0-1

[Event "DEM U10/U10w 2014"]
[Site "Magdeburg GER"]
[Date "2014.06.13"]
[Round "10"]
[White "Post, Hugo"]
[Black "Hundrieser, Malte"]
[Result "1-0"]
[Termination "normal"]
[Board "6"]
[WhiteElo "1682"]
[BlackElo "1429"]
[WhiteClock "00:35:44"]
[BlackClock "00:07:10"]
[PlyCount "53"]
[WhiteFideId "12962490"]
[BlackFideId "12997153"]
[EventCountry "GER"]
[EventRounds "11"]
[EventType "swiss"]
[EventDate "2014.06.07"]

1. e4 c5 2. Nf3 e6 3. d4 cxd4 4. Nxd4 Bc5 5. Nb3 Bb6 6. Nc3 Nc6 7. Be2 Nge7 8.
Bg5 O-O 9. Qd2 h6 10. Bh4 Ne5 11. g4 N5g6 12. Bg3 Bc7 13. Bxc7 Qxc7 14. O-O-O
Rd8 15. Nb5 Qc6 16. Nd6 b6 17. h4 Bb7 18. h5 Nh8 19. g5 g6 20. gxh6 Kh7 21. Qg5
Ng8 22. Nxf7 Rac8 23. Nd4 Qxe4 24. Bd3 Nxf7 25. hxg6+ Kh8 26. g7+ Kh7 27. Bxe4+
1-0

[Event "DEM U10/U10w 2014"]
[Site "Magdeburg GER"]
[Date "2014.06.13"]
[Round "10"]
[White "Bethke, Richard"]
[Black "Hassemeier, Mika"]
[Result "1-0"]
[Termination "normal"]
[Board "7"]
[WhiteElo "1627"]
[BlackElo "1409"]
[PlyCount "55"]
[WhiteFideId "12959243"]
[BlackFideId "12994880"]
[EventCountry "GER"]
[EventRounds "11"]
[EventType "swiss"]
[EventDate "2014.06.07"]

1. e4 c5 2. Nc3 e6 3. f4 Nc6 4. Bc4 g6 5. Nf3 Bg7 6. O-O Nge7 7. Qe1 O-O 8. f5
exf5 9. a3 a5 10. d3 fxe4 11. dxe4 h6 12. Qh4 Kh7 13. Ng5+ Kg8 14. Nxf7 Rxf7
15. Bxf7+ Kh7 16. Nd5 Nxd5 17. Qxd8 Nxd8 18. Bxd5 Ra6 19. c3 Ne6 20. Be3 d6 21.
Rac1 Nc7 22. Rf7 Nxd5 23. exd5 b5 24. Rc7 Bf5 25. Rc6 Rxc6 26. dxc6 Be5 27. Rf1
Kg7 28. Rxf5 1-0

[Event "DEM U10/U10w 2014"]
[Site "Magdeburg GER"]
[Date "2014.06.13"]
[Round "10"]
[White "Grund, Sebastian"]
[Black "Hommel, Niclas"]
[Result "1/2-1/2"]
[Termination "normal"]
[Board "8"]
[WhiteElo "1424"]
[BlackElo "1575"]
[PlyCount "131"]
[WhiteFideId "12988626"]
[BlackFideId "12974927"]
[EventCountry "GER"]
[EventRounds "11"]
[EventType "swiss"]
[EventDate "2014.06.07"]

1. c4 Nf6 2. Nf3 e6 3. g3 c5 4. Bg2 d5 5. cxd5 exd5 6. d4 c4 7. Nc3 Bb4 8. O-O
O-O 9. Bg5 Be7 10. Ne5 Be6 11. b3 Qa5 12. Qc2 Qb6 13. Bxf6 Bxf6 14. Nxd5 Bxd5
15. Bxd5 Nc6 16. Nxc4 Qxd4 17. Rad1 Qc5 18. Be4 h6 19. Rd5 Qe7 20. Nd6 Nb4 21.
Qc4 Nxd5 22. Qxd5 Qe5 23. Qxe5 Bxe5 24. Nxb7 Rab8 25. Nc5 Rbc8 26. Nd7 Rfe8 27.
Nxe5 Rxe5 28. Bd3 Rec5 29. Bc4 Rd8 30. Rc1 Kf8 31. Kg2 Rd2 32. Ra1 Rd8 33. Kf3
Rb8 34. Rd1 Ke7 35. Rd4 f6 36. Rg4 g5 37. h4 Rd8 38. hxg5 hxg5 39. Re4+ Kf8 40.
Re6 f5 41. Rf6+ Ke8 42. Rh6 a5 43. Rg6 g4+ 44. Ke3 a4 45. Rg8+ Ke7 46. Rxd8
Kxd8 47. Kd4 Ra5 48. b4 Ra7 49. Be6 Rc7 50. Bxf5 Rf7 51. e4 Rb7 52. a3 Rc7 53.
e5 Rc1 54. b5 Kc7 55. e6 Ra1 56. Bxg4 Kd6 57. Kc3 Rxa3+ 58. Kb4 Ra2 59. Bd1 a3
60. Kb3 Rb2+ 61. Kxa3 Rxb5 62. Bb3 Re5 63. f4 Re3 64. f5 Ke7 65. g4 Rg3 66. g5
1/2-1/2

[Event "DEM U10/U10w 2014"]
[Site "Magdeburg GER"]
[Date "2014.06.13"]
[Round "10"]
[White "Astner, Sebastian"]
[Black "Weishäutel, Moritz"]
[Result "0-1"]
[Termination "normal"]
[Board "9"]
[WhiteElo "1389"]
[BlackElo "1801"]
[PlyCount "64"]
[WhiteFideId "12979422"]
[BlackFideId "12967300"]
[EventCountry "GER"]
[EventRounds "11"]
[EventType "swiss"]
[EventDate "2014.06.07"]

1. e4 e5 2. Bc4 Bc5 3. Nf3 Nc6 4. d3 Nf6 5. Bg5 h6 6. Bh4 g5 7. Bg3 d6 8. h4 g4
9. Nh2 Na5 10. Bb3 Nxb3 11. axb3 Nh5 12. Nxg4 Nxg3 13. fxg3 Rg8 14. Nxh6 Qf6
15. Nf5 Rxg3 16. Nc3 c6 17. Qh5 Rxg2 18. O-O-O Bxf5 19. Qxf5 Qxf5 20. exf5
O-O-O 21. Ne4 Be3+ 22. Kb1 a5 23. Nc3 Rh8 24. Rde1 Bf4 25. Rhg1 Rf2 26. Rg7 Bd2
27. Rh1 Rxf5 28. Rh2 Bg5 29. h5 Bh6 30. Rg4 Bf4 31. Rhg2 Rfxh5 32. Ne2 Be3 0-1

[Event "DEM U10/U10w 2014"]
[Site "Magdeburg GER"]
[Date "2014.06.13"]
[Round "10"]
[White "Gelfenbaum, Daniel"]
[Black "Pauls, Fynn"]
[Result "1/2-1/2"]
[Termination "normal"]
[Board "10"]
[WhiteElo "1719"]
[BlackElo "1382"]
[PlyCount "73"]
[WhiteFideId "12965634"]
[BlackFideId "16213149"]
[EventCountry "GER"]
[EventRounds "11"]
[EventType "swiss"]
[EventDate "2014.06.07"]

1. e4 e5 2. Nf3 Nc6 3. d4 exd4 4. Nxd4 Bc5 5. Nb3 Bb6 6. Nc3 d6 7. Qe2 Nge7 8.
Be3 O-O 9. O-O-O Kh8 10. h3 f5 11. g3 fxe4 12. Nxe4 Bf5 13. Bg2 Qe8 14. Rhe1
Qf7 15. f4 Qg6 16. Bf2 Rae8 17. Bxb6 axb6 18. g4 Bxe4 19. Qxe4 Qxe4 20. Rxe4
Ng6 21. Rxe8 Rxe8 22. f5 Nge5 23. Bxc6 Nxc6 24. Nd4 Nxd4 25. Rxd4 Kg8 26. Kd2
Kf7 27. Rd3 Kf6 28. Re3 Rxe3 29. Kxe3 Kg5 30. Kf3 Kh4 31. Kf4 h6 32. a4 c6 33.
b4 c5 34. bxc5 bxc5 35. c4 b6 36. Ke4 Kxh3 37. Kf3 1/2-1/2

[Event "DEM U10/U10w 2014"]
[Site "Magdeburg GER"]
[Date "2014.06.13"]
[Round "10"]
[White "Wu, Leon"]
[Black "Yi, Danny"]
[Result "1-0"]
[Termination "normal"]
[Board "11"]
[WhiteElo "1568"]
[BlackElo "1369"]
[PlyCount "83"]
[WhiteFideId "12977438"]
[BlackFideId "12988588"]
[EventCountry "GER"]
[EventRounds "11"]
[EventType "swiss"]
[EventDate "2014.06.07"]

1. e4 e5 2. Nf3 Nc6 3. Bb5 a6 4. Ba4 d6 5. c3 Bd7 6. O-O Nge7 7. d4 g6 8. Re1
Bg7 9. Bg5 O-O 10. h3 f6 11. Be3 Na5 12. Bc2 Kh8 13. b3 f5 14. Nh2 f4 15. Bc1
Nac6 16. d5 Na7 17. c4 Nac8 18. Ba3 c5 19. Nd2 a5 20. Rb1 Qc7 21. Bb2 Qd8 22.
Bc3 b6 23. Qc1 Qc7 24. Bd1 h5 25. Be2 Qd8 26. Qd1 Qe8 27. a3 Ng8 28. Nhf3 Nce7
29. Ng5 Bh6 30. Ngf3 Qf7 31. b4 axb4 32. axb4 Rfb8 33. Nxe5 dxe5 34. Bxe5+ Bg7
35. Bxb8 Rxb8 36. bxc5 Bd4 37. cxb6 Rxb6 38. Rxb6 Bxb6 39. Qb3 Ba5 40. Rd1 Qe8
41. Qb2+ Kh7 42. Nb3 1-0

[Event "DEM U10/U10w 2014"]
[Site "Magdeburg GER"]
[Date "2014.06.13"]
[Round "10"]
[White "Hinrichs, Paul"]
[Black "Englert, Jon"]
[Result "1-0"]
[Termination "normal"]
[Board "12"]
[WhiteElo "1532"]
[BlackElo "1375"]
[PlyCount "120"]
[WhiteFideId "12942545"]
[BlackFideId "12992275"]
[EventCountry "GER"]
[EventRounds "11"]
[EventType "swiss"]
[EventDate "2014.06.07"]

1. d4 d6 2. Nf3 Nf6 3. c4 g6 4. Nc3 Bg7 5. e4 Bg4 6. h3 Bxf3 7. Qxf3 Nc6 8. Be3
e5 9. d5 Ne7 10. Qd1 Qd7 11. Bd3 c6 12. Rc1 c5 13. Bc2 O-O 14. f3 a6 15. a4 Ne8
16. Qd2 f5 17. Bh6 f4 18. Bxg7 Nxg7 19. Ne2 b5 20. axb5 axb5 21. cxb5 Qxb5 22.
Bd3 Qa5 23. Qxa5 Rxa5 24. Kd2 Rb8 25. Rb1 Ra2 26. Kc2 g5 27. Nc3 Ra5 28. Ra1
Rba8 29. Rxa5 Rxa5 30. Nb5 Ra6 31. Rd1 Ng6 32. Na3 Ra7 33. Nc4 Rd7 34. Ra1 Nh4
35. Bf1 Kf7 36. Ra6 Ne8 37. Nb6 Rd8 38. Kb3 Rb8 39. Ka3 Ke7 40. Ra7+ Nc7 41.
Rxc7+ Kd8 42. Rd7+ Ke8 43. Rxd6 Ke7 44. Re6+ Kf7 45. Nd7 Ra8+ 46. Kb3 Ra1 47.
Nxe5+ Kg7 48. d6 Rxf1 49. d7 Rd1 50. Re8 Kf6 51. Ng4+ Kf7 52. d8=Q Rxd8 53.
Rxd8 Nxg2 54. Rd5 Ne1 55. Rxg5 Nxf3 56. Ne5+ Nxe5 57. Rxe5 f3 58. Kc4 f2 59.
Rf5+ Ke6 60. Rxf2 Ke5 1-0

[Event "DEM U10/U10w 2014"]
[Site "Magdeburg GER"]
[Date "2014.06.13"]
[Round "10"]
[White "Buchloh, Adrian"]
[Black "Bui, Bao Anh Le"]
[Result "1/2-1/2"]
[Termination "normal"]
[Board "13"]
[WhiteElo "1463"]
[BlackElo "1551"]
[PlyCount "62"]
[WhiteFideId "12960675"]
[BlackFideId "12970719"]
[EventCountry "GER"]
[EventRounds "11"]
[EventType "swiss"]
[EventDate "2014.06.07"]

1. e4 c5 2. Nf3 d6 3. d4 cxd4 4. Nxd4 Nf6 5. Nc3 a6 6. Bg5 e6 7. Qd2 Be7 8.
O-O-O Nbd7 9. f3 O-O 10. g4 b5 11. h4 Bb7 12. h5 Rc8 13. Be3 Ne8 14. g5 Nc7 15.
Bh3 Ne5 16. b3 Qd7 17. f4 Nc6 18. Nxc6 Qxc6 19. Bg2 Na8 20. Ne2 Nb6 21. Ng3 Qc3
22. Qd3 d5 23. Qxc3 Rxc3 24. Bf2 Rfc8 25. Rd2 Ba3+ 26. Kb1 Bb4 27. Re2 Bc5 28.
Be1 Re3 29. Rxe3 Bxe3 30. Rf1 Rd8 31. Bc3 Rd7 1/2-1/2

[Event "DEM U10/U10w 2014"]
[Site "Magdeburg GER"]
[Date "2014.06.13"]
[Round "10"]
[White "Deleré, Adrian"]
[Black "Sulayev, Daniel"]
[Result "1/2-1/2"]
[Termination "normal"]
[Board "14"]
[WhiteElo "1447"]
[BlackElo "1584"]
[PlyCount "78"]
[WhiteFideId "12990400"]
[BlackFideId "12977675"]
[EventCountry "GER"]
[EventRounds "11"]
[EventType "swiss"]
[EventDate "2014.06.07"]

1. e4 e5 2. Nf3 Nc6 3. Nc3 Nf6 4. d4 exd4 5. Nxd4 Bb4 6. Nxc6 bxc6 7. Bd3 d5 8.
exd5 cxd5 9. O-O O-O 10. a3 Be7 11. Bg5 c6 12. h3 h6 13. Bh4 Be6 14. Re1 Rb8
15. Rb1 Qc7 16. Bg3 Bd6 17. Bxd6 Qxd6 18. Ne2 Rfe8 19. Ng3 Nd7 20. b4 Ne5 21.
Nf5 Bxf5 22. Bxf5 Qf6 23. Bd3 Re7 24. Re3 Rbe8 25. Qe2 Nxd3 26. cxd3 Rxe3 27.
fxe3 Qc3 28. a4 Qa3 29. a5 Rb8 30. Qc2 Rxb4 31. Rxb4 Qxb4 32. Qxc6 Qxa5 33.
Qc8+ Kh7 34. Qf5+ Kh8 35. Qc8+ Kh7 36. Qf5+ Kh8 37. Qc8+ Kh7 38. Qf5+ Kh8 39.
Qc8+ Kh7 1/2-1/2